000 00356 a2200145 4500
001 152875
040 _cEscola São Tomás de Aquino
100 _aANDRADE, Telma Guimarães Castro
240 1 0 _aMeu primeiro livro
_lpor
245 1 0 _aMeu primeiro livro
362 0 _a2009
440 1 _aEditora do Brasil
697 _a*LITERATURA INFANTIL
942 _cBK
999 _c152875
_d152875